Quick Pick: Mario Female Characters Quiz Stats

 Plays Quiz Updated Apr 15, 2016

Score 0/10 Timer 00:30
4 Plays Today
% Correct
Princess Peach
96.5%
Princess Daisy
94.7%
Toadette
89.7%
Rosalina
88.5%
Wendy O. Koopa
84.9%
Pauline
82%
Goombella
76.2%
Cackletta
64.3%
Kammy Koopa
64%
Pom Pom
55.4%

Today's Daily Dose

You're not logged in!

Compare scores with friends on all Sporcle quizzes.
Join for Free
OR
Log In

You Might Also Like...

Show Comments

Extras

Top Quizzes Today


Score Distribution

Your Account Isn't Verified!

In order to create a playlist on Sporcle, you need to verify the email address you used during registration. Go to your Sporcle Settings to finish the process.

Report this User

Report this user for behavior that violates our Community Guidelines.

Details: